Sports Logos - Statistics

General Stats
  • This quiz has been taken 143 times
  • The average score is 5 of 16
Answer Stats
Picture Answer % Correct
Olympics
92%
Super Bowl
83%
Formula One
71%
Premier League
71%
X Games
46%
French Open
38%
2022 World Cup
37%
Southeastern Conference
28%
Paralympics
21%
Ironman Triathalon
16%
The British Open
10%
Rugby World Cup
9%
New York City Marathon
8%
2020 Summer Olympics
7%
Commonwealth Games
2%
World Sailing Championships
1%
No matching quizzes found
Score Distribution
Percent of People with Each Score
Percentile by Number Answered
Your Score History
You have not taken this quiz